Inovácia v organizácii /

Salvato in:
Dettagli Bibliografici
Autore principale: Perlaki, Ivan (Autore)
Natura: Libro
Lingua:slovacco
Pubblicazione: Bratislava : Alfa, 1977
Soggetti:
Tags: Aggiungi Tag
Nessun Tag, puoi essere il primo ad aggiungerne!!

MARC

LEADER 00000nam a22000003a 4500
001 stu40386
005 20150617225722.9
008 930503s1977----cs------------------slo-d
040 |a STU  |b slo 
041 0 |a slo 
044 |a cs 
080 |a 334.72 
080 |a 65.011.4(035)  |7 A000001975 
100 1 |a Perlaki, Ivan  |4 aut 
245 1 |a Inovácia v organizácii /  |c [aut.]Ivan Perlaki 
260 |a Bratislava :  |b Alfa,  |c 1977 
300 |a 154 s 
650 7 |a podniky  |2 stusub 
650 7 |a organizácia  |2 stusub 
650 7 |a inovácia  |2 stusub 
650 7 |a príručky  |2 stusub 
996 |b 284M013030  |c M*5151-2  |l MMKN  |s A  |a 24  |w stu40386_0002